Curso de psicología
Salvato in:
| Autore principale: | |
|---|---|
| Natura: | Libro |
| Lingua: | spagnolo |
| Pubblicazione: |
Buenos Aires
Angel Estrada
1915
|
| Soggetti: | |
| Tags: |
Aggiungi Tag
Nessun Tag, puoi essere il primo ad aggiungerne!!
|
MARC
| LEADER | 00000nam a2200000 a 4500 | ||
|---|---|---|---|
| 001 | UCY6099 | ||
| 003 | CL-VaPUC | ||
| 008 | 950521e19150000AG |||||||||||||||||spa|d | ||
| 082 | 0 | 4 | |a 150 |b ZOL |2 21 |
| 100 | 0 | |a Zollner, J. U |e author |9 335763 | |
| 245 | 1 | 0 | |a Curso de psicología |
| 300 | |a 299 p | ||
| 942 | |c BK | ||
| 945 | |d 19950521 00:00:00 |a mfernand | ||
| 260 | |a Buenos Aires |b Angel Estrada |c 1915 | ||
| 650 | 0 | |a Psicología |9 257863 | |
| 650 | 0 | |a Metodología |9 256610 | |
| 650 | 7 | |a SISTEMAS NERVIOSOS |2 CL-VaPUC |9 335764 | |
| 650 | 7 | |a SENSACION |2 CL-VaPUC |9 334611 | |
| 650 | 7 | |a PSICOLOGIA DE LOS PROCESOS SENSORIALES |2 CL-VaPUC |9 335765 | |
| 650 | 0 | |a Percepción |9 266750 | |
| 650 | 0 | |a Conciencia |9 309452 | |
| 650 | 0 | |a Imaginación |9 269378 | |
| 650 | 0 | |a Memoria |9 266549 | |
| 650 | 0 | |a Sueño |9 334635 | |
| 650 | 7 | |a PLACER |2 CL-VaPUC |9 321616 | |
| 650 | 7 | |a SUFRIMIENTO |2 CL-VaPUC |9 323030 | |
| 650 | 0 | |a Emociones |9 265224 | |
| 650 | 0 | |a Atención |9 312027 | |
| 650 | 0 | |a Desarrollo del lenguaje |9 311270 | |
| 650 | 0 | |a Voluntad |9 307812 | |
| 650 | 0 | |a Libre albedrío |9 334583 | |
| 650 | 0 | |a Personalidad |9 307255 | |
| 650 | 7 | |a PSICOLOGIA GENETICA |2 CL-VaPUC |9 308771 | |
| 650 | 7 | |a INSTINTOS |2 CL-VaPUC |9 334636 | |
| 650 | 0 | |a Psicología social |9 222894 | |
| 583 | |a last modification |c 19950521 00:00:00 |k Rodrigo Vera | ||
| 999 | |c 233682 |d 233680 | ||
| 952 | |0 0 |1 0 |4 0 |6 150_000000000000000_ZOL_1915 |7 0 |8 P |9 239365 |a BIBEDU |b BIBEDU |c BIBEDU_PB |d 2019-11-18 |i 1508156 |o 150 ZOL 1915 |p 1508156 |r 2024-01-25 |w 2019-11-18 |y BK |k EDU | ||